| 000 | 01723nam0a2200349 4500 | ||
|---|---|---|---|
| 001 | RU\NLR\bibl\1358030 | ||
| 005 | 20250615182935.0 | ||
| 021 |
_aRU _b2009-14647 _9869 |
||
| 035 | _a(NLR Aleph) 001350219 | ||
| 090 |
_a916074 _c916074 |
||
| 100 | _a20090417d2008 |||y0rusy50 ca | ||
| 101 | 0 | _arus | |
| 102 | _aRU | ||
| 105 | _ay ||||||||| | ||
| 200 | 1 |
_aИндивидуальные коррекционные занятия тифлопедагога с дошкольниками, имеющими тяжелую зрительную патологию и сопутствующие заболевания _fЕ.Н. Подколзина _gРос. гос. б-ка для слепых |
|
| 210 |
_aМосква _cРоссийская государственная библиотека для слепых _d2008 |
||
| 215 |
_a46, [1] с. _d20 |
||
| 300 | _aНа обороте тит. л. авт.: Погдколзина Е.Н., к.п.н., учитель-дефектолог (тифлопедагог) | ||
| 320 | _aБиблиогр.: с. 42-47 | ||
| 606 | 1 |
_aДети с нарушением зрения _xВоспитание и обучение _92299327 _3RU\NLR\auth\661376688 |
|
| 606 | 1 |
_aСпециальные (коррекционные) дошкольные учреждения IV вида _xИндивидуальный подход _92567295 _3RU\NLR\AUTH\661518335 |
|
| 686 | _aЧ433.125 | ||
| 686 | _aЧ433.132 | ||
| 686 | _aЧ433.191 | ||
| 700 | 1 |
_aПодколзина _bЕ. Н. _gЕлена Николаевна _4070 |
|
| 801 | 0 |
_aRU _bNLR _c20090417 _gRCR |
|
| 801 | 1 |
_aRU _bNLR _c20090417 |
|
| 830 | _aавт. по кн. | ||
| 942 | _cBOOK | ||
| 980 | _aNB | ||